| 000 | 00502nam a2200193Ia 4500 | ||
|---|---|---|---|
| 005 | 20240913125849.0 | ||
| 008 | 240913s9999||||xx |||||||||||||| ||und|| | ||
| 020 | _a979000000000 | ||
| 041 | _aENGLISH | ||
| 082 | _A616.61 Q2 | ||
| 100 | _aArvind Baga | ||
| 245 | 0 | _aProtocols in Pediatric Nephrology | |
| 250 | _a1st | ||
| 260 |
_c2012 _bCBS Publishers & Distributors Pv |
||
| 500 | _aREFERENCE | ||
| 650 |
_aRenal Dialysis Technology _bAllied Health Science |
||
| 942 | _cREF | ||
| 999 |
_c246428 _d246428 |
||